|
|
|
|
| LEADER |
00000nam0a2200000 4500 |
| 001 |
256216 |
| 005 |
20231101233108.0 |
| 020 |
|
|
|a RU
|b 87-85818
|
| 035 |
|
|
|a (RuTPU)RU\TPU\book\278866
|
| 090 |
|
|
|a 256216
|
| 100 |
|
|
|a 20140407d1987 k y0rusy5003 ca
|
| 101 |
1 |
|
|a rus
|c ger
|
| 102 |
|
|
|a RU
|
| 105 |
|
|
|a a z 001zy
|
| 200 |
1 |
|
|a Практика управления горным давлением
|e пер. с нем.
|f О. Якоби
|g пер. Ф. Ф. Эйнера ; под ред. Г. А. Каткова
|
| 210 |
|
|
|a Москва
|c Недра
|d 1987
|
| 215 |
|
|
|a 565 с.
|c ил.
|
| 320 |
|
|
|a Библиогр.: с. 553-558 (155 назв.)
|
| 606 |
1 |
|
|a Горное давление
|x Управление
|2 stltpush
|3 (RuTPU)RU\TPU\subj\7565
|9 35172
|
| 610 |
1 |
|
|a причины
|
| 610 |
1 |
|
|a расчеты
|
| 610 |
1 |
|
|a очистные работы
|
| 610 |
1 |
|
|a лава
|
| 610 |
1 |
|
|a лава-штрек
|
| 610 |
1 |
|
|a очистные выработки
|
| 610 |
1 |
|
|a уголь
|
| 610 |
1 |
|
|a отжим
|
| 610 |
1 |
|
|a управление
|
| 675 |
|
|
|a 622.831.24
|z rus
|v 3
|
| 700 |
|
1 |
|a Якоби
|b О.
|g Оскар
|
| 702 |
|
1 |
|a Эйнер
|b Ф. Ф.
|4 730
|
| 702 |
|
1 |
|a Катков
|b Г. А.
|4 340
|
| 801 |
|
0 |
|a RU
|b RuMRKP
|c 19950417
|g psbo
|
| 801 |
|
1 |
|a RU
|b 63413507
|c 20140407
|
| 801 |
|
2 |
|a RU
|b 63413507
|c 20160418
|g RCR
|
| 942 |
|
|
|c BK
|